Φορτώνει......

Prophets facing backward : postmodern critiques of science and Hindu nationalism in India /

Λεπτομέρειες βιβλιογραφικής εγγραφής
Κύριος συγγραφέας: Nanda, Meera
Μορφή: Printed Book
Έκδοση: Delhi : permanent Black, 2004.
Θέματα:
LEADER 00596pam a22001694a 4500
020 |a 8178241536 
082 0 0 |a 509.540 9  |b NAN/P 
100 1 |a Nanda, Meera. 
245 1 0 |a Prophets facing backward :  |b postmodern critiques of science and Hindu nationalism in India / 
260 |a Delhi :  |b permanent Black,  |c 2004. 
300 |a xvii, 308 p. ; 
650 0 |a Science 
650 0 |a Nationalism 
650 0 |a Science 
942 |c BK 
999 |c 148445  |d 148441 
952 |0 0  |1 0  |4 0  |6 509_540000000000000_9_NAN_P  |7 0  |9 147216  |a IUCSSER  |b IUCSSER  |c GEN  |d 2012-12-12  |g 350.00  |l 0  |o 509.540 9 NAN/P  |p IUC00165  |r 2012-12-12  |w 2012-12-12  |y BK